| 000 | 01015nam a22003377a 4500 | ||
|---|---|---|---|
| 001 | BR7705690 | ||
| 003 | BR-BrBNA | ||
| 005 | 20230928085456.0 | ||
| 007 | ta | ||
| 008 | 230509b bl.||||| |||| 00| 0 por d | ||
| 040 |
_aBR-BrBNA _bpor _cBiblioteca Nacional de Agricultura |
||
| 041 | _a(Por) | ||
| 072 |
_aA50; F00 _b0120 _b/G514 |
||
| 090 | _ 0120 BR7705690 | ||
| 110 | 1 |
_aInstituto de Pesquisas Agronomicas, Porto Alegre, RS (Brasil) _96134 |
|
| 245 | 1 | _aProjeto integrado de pesquisa com milho, 1976/77 [Zea mays, Rio Grande do Sul; Brasil] | |
| 260 | 3 |
_aPorto Alegre, RS (Brasil): _c1977. |
|
| 300 | _a71 p. | ||
| 500 | _a11 tables. (*) Documento disponível na(o) EMBRAPA, Brasilia; DF (Brazil) | ||
| 650 | _aPESQUISA AGRICOLA | ||
| 650 | _aPRODUCAO VEGETAL | ||
| 650 | _aADUBACAO | ||
| 650 | _aSOLO | ||
| 650 | _aFITOTECNIA | ||
| 650 | _aECOLOGIA | ||
| 650 | _aBOTANICA | ||
| 650 | _aENTOMOLOGIA | ||
| 650 | _aRIO GRANDE DO SUL | ||
| 909 |
_a202309 _bLucia _c55 _dLucia Elande |
||
| 942 | _cBK | ||
| 999 |
_c24627 _d24627 |
||